00657nam a2200217Ia 4500003000400000005001700004008004100021020001500062040001800077041000800095082002700103100002000130245009500150250001200245260003800257300002400295650003200319650003900351650002400390650002500414OSt20241125135652.0210716s1987 xx 000 0 und d a0394552016 cAIMIT LIBRARY aeng a808.82 21st ed.bNOVW aNovak, William. aMan of the house: blife and political memories of speaker tip oneill /cBy William Novak. a1st ed. aNew York :bRandom House ;c1987. a387p. ;bPBc24 cm. aGetting along in washington aSpeaker of the massacbusetts house aInto the leadership aSpeaker of the house